Get the Picture: Also a Disney Character Quiz Stats

 Plays Quiz Updated Mar 8, 2019

Score 0/12 Timer 02:00
2 Plays Today
Question Answer Wrong Answers
_____ Trump
President of the United States
Donald
95.3%
Mickey
1.2%
Minnie
0.3%
Daisy
0.3%
_____ Rooney
Star of Boys Town and Breakfast at Tiffany's
Mickey
88%
Minnie
3.2%
Donald
3.5%
Daisy
1.8%
_____ Rourke
Star of The Wrestler and Iron Man 2
Mickey
87.9%
Minnie
2.8%
Donald
4.5%
Daisy
1.4%
_____ Mantle
Former Yankees centerfielder, member of the 500 home run club
Mickey
87.1%
Minnie
2.7%
Donald
5.6%
Daisy
1.1%
_____ Sutherland
Canadian actor, star of MASH and The Hunger Games
Donald
87%
Mickey
4.8%
Minnie
2.2%
Daisy
2.5%
_____ Duke
Dukes of Hazzard character noted for short shorts
Daisy
82%
Mickey
3.5%
Minnie
3.1%
Donald
8.1%
_____ Driver
Academy Award nominee for Good Will Hunting
Minnie
81.6%
Mickey
4%
Donald
7.3%
Daisy
4%
_____ Glover
Real name of Childish Gambino
Donald
80.6%
Mickey
8.5%
Minnie
3.7%
Daisy
3.6%
_____ Ridley
Rey in the Star Wars series
Daisy
71.3%
Mickey
6.2%
Minnie
6.7%
Donald
11.8%
_____ Buchanan
Prominent character in The Great Gatsby
Daisy
71.2%
Mickey
9.1%
Minnie
4.6%
Donald
11.3%
_____ the Moocher
Subject of a Cab Calloway song
Minnie
62.7%
Mickey
24.9%
Donald
5.2%
Daisy
3.4%
_____ Riperton
Singer of 'Lovin' You'
Minnie
56.2%
Mickey
12.2%
Donald
11.8%
Daisy
15.9%

Today's Daily Dose

You're not logged in!

Compare scores with friends on all Sporcle quizzes.
OR
Log In

Sporcle TV

Today on Sporcle TV


Watch our educational content, quiz creation guides, and fun videos on Sporcle TV.

Show Comments

Extras

Top Quizzes Today


Score Distribution

Your Account Isn't Verified!

In order to create a playlist on Sporcle, you need to verify the email address you used during registration. Go to your Sporcle Settings to finish the process.

Report this User

Report this user for behavior that violates our Community Guidelines.

Details: